000 00495pab a2200169 454500
008 180718b2001 xxu||||| |||| 00| 0 eng d
100 _aPolster, Claire
245 _aHow the law works: exploring the implications of emerging intellectual property regimes for knowledge, economy and society
260 _c2001
300 _ap.85-100
362 _aJul
650 _aSociety
650 _aEconomic systems
650 _aIntellectual property
773 _aCurrent Sociology
909 _a51075
999 _c51075
_d51075